[Event "Paracin 2018"]
[Site "Paracin"]
[Date "2018.07.09"]
[Round "4.2"]
[White "Tan, Justin"]
[Black "Radovanovic, Mihajlo"]
[Result "1-0"]
[WhiteElo "2481"]
[BlackElo "2402"]
[PlyCount "85"]
[EventDate "2018.??.??"]

1. e4 c5 2. Nf3 d6 3. Nc3 a6 4. g3 g6 5. Bg2 Bg7 6. d4 cxd4 7. Nxd4 Nf6 8. O-O
O-O 9. h3 Nc6 10. Be3 Bd7 11. Nd5 Rc8 12. Ne2 Be6 13. Nb6 Rb8 14. Nf4 Bd7 15.
a4 Ne5 16. Qe2 Bc6 17. Nfd5 Ned7 18. a5 e6 19. c4 exd5 20. exd5 Nxb6 21. dxc6
Na8 22. cxb7 Nc7 23. Ba7 Ne6 24. c5 d5 25. Qxa6 Ne4 26. Bxe4 dxe4 27. Rad1 Bd4
28. c6 e3 29. Qc4 Bxa7 30. Rxd8 Rbxd8 31. fxe3 Bxe3+ 32. Kh1 Nc7 33. b4 Rd5 34.
Qb3 Ba7 35. Rd1 Rfd8 36. Rxd5 Rxd5 37. Qe3 Bb8 38. h4 Kg7 39. Qb6 Rd1+ 40. Kg2
Nd5 41. Qc5 Rd3 42. a6 Bxg3 43. Qxd5 1-0

[Event "Paracin 2018"]
[Site "Paracin"]
[Date "2018.07.09"]
[Round "4.6"]
[White "Stankovic, Milos"]
[Black "Savic, Miodrag R"]
[Result "1-0"]
[WhiteElo "2420"]
[BlackElo "2541"]
[PlyCount "95"]
[EventDate "2018.??.??"]

1. e4 d5 2. exd5 Qxd5 3. Nc3 Qd8 4. Bc4 c5 5. Nf3 Nc6 6. Bb5 Bd7 7. d4 cxd4 8.
Nxd4 Nxd4 9. Qxd4 Bxb5 10. Qxd8+ Rxd8 11. Nxb5 a6 12. Nc7+ Kd7 13. Nd5 e6 14.
Nb6+ Kc7 15. Be3 Nf6 16. Nc4 Nd5 17. Ne5 Nxe3 18. fxe3 Rd5 19. Nxf7 Bb4+ 20. c3
Rf8 21. cxb4 Rxf7 22. Ke2 Rb5 23. a3 a5 24. Rhf1 Rd7 25. Rac1+ Kb6 26. Rfd1
Rxd1 27. Rxd1 axb4 28. Rd6+ Kc7 29. Rxe6 bxa3 30. bxa3 Kd7 31. Re4 Ra5 32. Rb4
b5 33. Rb3 Kc6 34. Kd3 Ra4 35. e4 Kc5 36. Rc3+ Kd6 37. Rb3 Kc5 38. Ke3 Rc4 39.
Rd3 Rc2 40. Kf3 Kc4 41. Re3 Kd4 42. e5 Rc7 43. e6 Re7 44. Kf4 Kd5 45. Kf5 Kd6
46. Rd3+ Kc6 47. Ke5 Kc7 48. Rd7+ 1-0

[Event "Paracin 2018"]
[Site "Paracin"]
[Date "2018.07.09"]
[Round "4.9"]
[White "Lorparizangeneh, Shahin"]
[Black "Raja, Rithvik R"]
[Result "1/2-1/2"]
[WhiteElo "2493"]
[BlackElo "2343"]
[PlyCount "54"]
[EventDate "2018.??.??"]

1. c4 e6 2. Nf3 d5 3. g3 Nf6 4. Bg2 d4 5. e3 c5 6. b4 dxe3 7. fxe3 cxb4 8. a3
Nc6 9. O-O bxa3 10. d4 Be7 11. Nxa3 O-O 12. Nb5 a6 13. Nc3 Rb8 14. d5 Na5 15.
Qa4 b6 16. Nd4 Bd7 17. Nc6 Bxc6 18. dxc6 Qd3 19. Nd1 Qxc4 20. Qxc4 Nxc4 21.
Rxa6 Rbc8 22. Nb2 Ne5 23. Rxb6 Nd5 24. Rb5 Nxc6 25. Bxd5 exd5 26. Rxd5 Nb4 27.
Rd7 Bf6 1/2-1/2

[Event "Paracin 2018"]
[Site "Paracin"]
[Date "2018.07.09"]
[Round "4.11"]
[White "Nestorovic, Dejan"]
[Black "Ikeda, Junta"]
[Result "0-1"]
[WhiteElo "2341"]
[BlackElo "2437"]
[PlyCount "52"]
[EventDate "2018.??.??"]

1. d4 f5 2. g3 Nf6 3. Bg2 g6 4. c4 Bg7 5. Nc3 O-O 6. Nh3 Nc6 7. O-O e6 8. d5
Ne5 9. Qb3 Nf7 10. e4 e5 11. exf5 gxf5 12. Ng5 Nxg5 13. Bxg5 d6 14. f4 e4 15.
g4 h6 16. gxf5 Bxf5 17. Bh4 Qe8 18. Rae1 e3 19. Nb5 Qh5 20. Bxf6 e2 21. Rf3
Rxf6 22. Nxc7 Rg6 23. Qe3 Bd4 24. Qxd4 Qxf3 25. Qf2 Be4 26. Rxe2 Rc8 0-1

[Event "Paracin 2018"]
[Site "Paracin"]
[Date "2018.07.09"]
[Round "4.12"]
[White "Gukesh, D."]
[Black "Harvey, Marcus R"]
[Result "1-0"]
[WhiteElo "2433"]
[BlackElo "2362"]
[PlyCount "103"]
[EventDate "2018.??.??"]

1. Nf3 Nf6 2. g3 d5 3. Bg2 c6 4. O-O Bf5 5. d3 e6 6. Nh4 Bg4 7. h3 Bh5 8. Qe1
Be7 9. f4 Nfd7 10. Nf3 Bg6 11. e4 dxe4 12. dxe4 Na6 13. Nc3 Nb4 14. Rf2 Bc5 15.
Be3 Bxe3 16. Qxe3 Qb6 17. Qe2 O-O 18. Nh4 f6 19. Nxg6 hxg6 20. Rd1 Rfd8 21. Kh2
Qc5 22. a3 Na6 23. e5 f5 24. Rf3 Nb6 25. Rfd3 Rxd3 26. Qxd3 Nc7 27. Ne2 Qc4 28.
b3 Qxd3 29. Rxd3 Kf7 30. Ng1 a5 31. a4 Ke7 32. Nf3 Rd8 33. Rxd8 Kxd8 34. Nh4
Ncd5 35. Nxg6 Ne3 36. c3 Nxg2 37. Kxg2 Nxa4 38. bxa4 b5 39. Nh4 bxa4 40. Nf3
Kc7 41. g4 a3 42. Nd4 a2 43. Nc2 Kb6 44. gxf5 exf5 45. Kf3 Kc5 46. Ke3 g5 47.
fxg5 f4+ 48. Kd3 f3 49. g6 f2 50. Ke2 Kc4 51. g7 Kxc3 52. g8=Q 1-0

[Event "Paracin 2018"]
[Site "Paracin"]
[Date "2018.07.09"]
[Round "4.17"]
[White "Ivic, Velimir"]
[Black "Sredojevic, Ivan"]
[Result "1-0"]
[WhiteElo "2432"]
[BlackElo "2298"]
[PlyCount "157"]
[EventDate "2018.??.??"]

1. e4 d6 2. d4 Nf6 3. Nc3 e5 4. Nf3 Nbd7 5. Bc4 Be7 6. a4 O-O 7. O-O c6 8. h3
a5 9. Re1 Nb6 10. Ba2 Nfd7 11. Be3 exd4 12. Nxd4 Nc5 13. Qh5 g6 14. Qh6 Bf6 15.
Nf3 Bg7 16. Qf4 Qe7 17. Red1 Be5 18. Nxe5 dxe5 19. Qh6 Be6 20. Bxe6 fxe6 21. b3
Nbd7 22. Rd2 Nf6 23. Qg5 Ncd7 24. Rad1 Qg7 25. f3 Rf7 26. Qh6 Qxh6 27. Bxh6 Re7
28. g4 Nc5 29. Kg2 Rd7 30. Rxd7 Nfxd7 31. h4 Kf7 32. Kf2 Ke8 33. Ke2 Kd8 34.
Rh1 Rb8 35. h5 b5 36. hxg6 hxg6 37. Ra1 bxa4 38. Nxa4 Na6 39. Bd2 Nb4 40. Bxb4
axb4 41. Rh1 Ke7 42. Rh7+ Kd6 43. Nb2 Nb6 44. Rg7 Rh8 45. Nd3 Rh2+ 46. Nf2 c5
47. Rxg6 c4 48. Rg8 cxb3 49. cxb3 Nd7 50. Ke3 Nc5 51. g5 Nxb3 52. g6 Ke7 53.
Ng4 Rg2 54. Rg7+ Kd6 55. Rh7 Nc1 56. Rh2 Rxh2 57. Nxh2 b3 58. Kd2 b2 59. Kc2
Ke7 60. Kxb2 Ne2 61. Ng4 Ng1 62. Nxe5 Kf6 63. Kc2 Nh3 64. Kd2 Nf4 65. Ke3 Ng2+
66. Kd4 Nf4 67. Ke3 Ng2+ 68. Kd4 Nf4 69. Kc5 Nh5 70. Kd6 Ng7 71. f4 Nh5 72. Nd3
Ng7 73. Nc5 Ne8+ 74. Kd7 Ng7 75. Nxe6 Nxe6 76. e5+ Kf5 77. Ke7 Nxf4 78. g7 Ng6+
79. Ke8 1-0

[Event "Paracin 2018"]
[Site "Paracin"]
[Date "2018.07.09"]
[Round "4.28"]
[White "Sevgi, Volkan"]
[Black "Kathmale, Sameer"]
[Result "0-1"]
[WhiteElo "2277"]
[BlackElo "2323"]
[PlyCount "50"]
[EventDate "2018.??.??"]

1. e4 c6 2. d4 d5 3. e5 Bf5 4. Nf3 e6 5. Be2 c5 6. Be3 cxd4 7. Nxd4 Ne7 8. c4
Nbc6 9. Qa4 a6 10. cxd5 b5 11. Nxc6 Nxc6 12. Qf4 Nb4 13. O-O Nxd5 14. Qg3 Nxe3
15. Qxe3 Be7 16. Bf3 Rc8 17. Bb7 Rc2 18. Bxa6 O-O 19. Bxb5 Bc5 20. Qe1 Rxb2 21.
Nc3 Bb4 22. Ba4 Qa5 23. Rc1 Rxa2 24. g4 Bg6 25. Bb3 Ra3 0-1

[Event "Paracin 2018"]
[Site "Paracin"]
[Date "2018.07.09"]
[Round "4.29"]
[White "Arsovic, Zoran"]
[Black "Olson, Hamish"]
[Result "0-1"]
[WhiteElo "2436"]
[BlackElo "2229"]
[PlyCount "216"]
[EventDate "2018.??.??"]

1. Nf3 d5 2. g3 Bg4 3. Bg2 c6 4. c4 e6 5. cxd5 Bxf3 6. Bxf3 cxd5 7. O-O Nc6 8.
d4 Nf6 9. Nc3 Be7 10. e3 O-O 11. Qe2 Rc8 12. Rd1 a6 13. Bd2 Nd7 14. Rac1 Nb6
15. Be1 Bf6 16. Bg2 Re8 17. a3 Re7 18. Qd3 Rec7 19. Qb1 g6 20. h4 Qf8 21. Ne2
Be7 22. Nf4 Bd6 23. Nd3 Nb8 24. Rxc7 Rxc7 25. Bf3 N8d7 26. h5 Rc8 27. hxg6 hxg6
28. Kg2 Qe7 29. Rc1 Rxc1 30. Qxc1 Qf8 31. Kf1 Qc8 32. Qxc8+ Nxc8 33. a4 Kf8 34.
e4 Ne7 35. Nb4 a5 36. Nc2 dxe4 37. Bxe4 b6 38. Ne3 Nf6 39. Bf3 Nfd5 40. Nc4 Bc7
41. Ke2 Nc6 42. Bc3 Ke7 43. Ne3 Kd6 44. Kd3 Bd8 45. Kc4 Nc7 46. Kd3 Nd5 47. Kc4
Nc7 48. Bg2 f5 49. f4 Ne7 50. b4 Ned5 51. bxa5 Nxe3+ 52. Kd3 Nxg2 53. axb6 Na6
54. a5 Kd5 55. Ke2 Ke4 56. Bd2 Kxd4 57. Kf2 Kd3 58. Bc1 Be7 59. Kxg2 Bb4 60.
Kh3 Bxa5 61. b7 Bc7 62. Ba3 e5 63. fxe5 Bxe5 64. Bc1 Ke4 65. Kh4 Kf3 66. Kg5
Bxg3 67. Kxg6 Ke4 68. Kf6 f4 69. Bxf4 Bxf4 70. b8=Q Nxb8 71. Ke6 Nc6 72. Kf6
Nd4 73. Kg6 Nc6 74. Kf6 Be5+ 75. Ke6 Nd4+ 76. Ke7 Kf5 77. Kd7 Kf6 78. Kc8 Bd6
79. Kd8 Ke6 80. Kc8 Ke7 81. Kb7 Bb4 82. Kc7 Ba5+ 83. Kc8 Kd6 84. Kb7 Kd7 85.
Ka6 Bd8 86. Kb7 Bc7 87. Ka8 Kc6 88. Ka7 Ne6 89. Ka8 Nc5 90. Ka7 Nd7 91. Ka8
Nb6+ 92. Ka7 Bd6 93. Ka6 Bb8 94. Ka5 Nd5 95. Ka4 Kc5 96. Kb3 Nb4 97. Kc3 Bf4
98. Kb3 Bd2 99. Ka4 Kc4 100. Ka5 Be3 101. Ka4 Bb6 102. Ka3 Nd3 103. Ka4 Nb2+
104. Ka3 Kc3 105. Ka2 Kc2 106. Ka3 Bc5+ 107. Ka2 Nd3 108. Ka1 Bb4 0-1

[Event "Paracin 2018"]
[Site "Paracin"]
[Date "2018.07.09"]
[Round "4.30"]
[White "Lajthajm, Borko"]
[Black "Bergsson, Stefan"]
[Result "1-0"]
[WhiteElo "2422"]
[BlackElo "2192"]
[PlyCount "73"]
[EventDate "2018.??.??"]

1. d4 d5 2. Nf3 Nf6 3. Bg5 c5 4. dxc5 Nc6 5. c3 Ne4 6. Be3 e6 7. b4 a5 8. b5
Ne7 9. g4 h5 10. Nfd2 Nxd2 11. Nxd2 hxg4 12. Bd4 Ng6 13. Qa4 e5 14. Be3 f5 15.
f3 f4 16. Bg1 g3 17. O-O-O Qg5 18. h4 Rxh4 19. Rxh4 Nxh4 20. Qb3 Be6 21. Ne4
Qg6 22. Rxd5 g2 23. Bxg2 Bxd5 24. Qxd5 Nxg2 25. Qxe5+ Kd7 26. Qd5+ Kc7 27. Qe5+
Kd7 28. Qd5+ Kc7 29. Nd6 Bxd6 30. cxd6+ Qxd6 31. b6+ Kd7 32. Qxb7+ Ke6 33. Qxa8
Qa3+ 34. Kb1 Qxc3 35. Qe4+ Kd6 36. b7 Qe1+ 37. Kc2 1-0

[Event "Paracin 2018"]
[Site "Paracin, Hotel Petrus"]
[Date "2018.07.09"]
[Round "4.31"]
[White "Martic, Ivan"]
[Black "Horton, Jamie A"]
[Result "1-0"]
[WhiteElo "2375"]
[BlackElo "2189"]
[PlyCount "105"]
[EventDate "2018.07.06"]

1. e4 c6 2. d3 d5 3. Nd2 g6 4. Ngf3 Bg7 5. g3 Nf6 6. Bg2 O-O 7. O-O Bg4 8. h3
Bxf3 9. Bxf3 e5 10. Bg2 Nbd7 11. b4 Qb6 12. c3 a5 13. a3 axb4 14. cxb4 Rfe8 15.
Qb3 Rad8 16. Bb2 Nf8 17. Rae1 Qc7 18. exd5 cxd5 19. Re2 Qd6 20. Rfe1 N8d7 21.
Nf3 Nh5 22. Nd2 Nhf6 23. Nb1 h5 24. Nc3 d4 25. Nb5 Qb8 26. Rc2 Nb6 27. Rc7 Nbd5
28. Rc5 Nb6 29. Rec1 Bf8 30. R5c2 Bh6 31. Re1 Bf8 32. Bc1 Rc8 33. Bg5 Rxc2 34.
Qxc2 Rc8 35. Qb3 Bg7 36. a4 Nbd7 37. a5 Nf8 38. Bxf6 Bxf6 39. Bd5 Rd8 40. Bxf7+
Kg7 41. Bd5 h4 42. g4 Bg5 43. Re2 Nh7 44. Rc2 Rd7 45. Be6 Rd8 46. Rc7+ Kh6 47.
Bf5 Rf8 48. Qe6 Qe8 49. Qxe8 Rxe8 50. Nd6 Rf8 51. Be4 Bd2 52. Nf7+ Kg7 53.
Nxe5+ 1-0

[Event "Paracin 2018"]
[Site "Paracin, Hotel Petrus"]
[Date "2018.07.09"]
[Round "4.32"]
[White "Eric, Jovana"]
[Black "Bratkovic, Sham"]
[Result "1/2-1/2"]
[WhiteElo "2342"]
[BlackElo "2190"]
[PlyCount "138"]
[EventDate "2018.07.06"]

1. f4 d5 2. Nf3 g6 3. g3 Bg7 4. Bg2 Nh6 5. d3 c6 6. c3 Qb6 7. e4 dxe4 8. dxe4
e5 9. Nxe5 Bxe5 10. fxe5 Ng4 11. Qd4 Be6 12. O-O O-O 13. Bf4 c5 14. Qd2 Nc6 15.
Na3 Rad8 16. Qe2 Ngxe5 17. h3 f6 18. Be3 Nd3 19. Rad1 Nce5 20. Rd2 Bxa2 21. b4
Be6 22. Ra1 Qc6 23. b5 Qc7 24. Kh2 Qa5 25. Nc2 Qxb5 26. Rxa7 Qb6 27. Ra1 Qc7
28. Bh6 Rf7 29. Ne3 Rfd7 30. Nd5 Bxd5 31. exd5 c4 32. Qf1 Qd6 33. Be3 b5 34.
Rda2 Qe7 35. Ra6 Rd6 36. Ra7 Ng4+ 37. hxg4 Qxe3 38. Rb7 Ne5 39. Raa7 R8d7 40.
Rxd7 Rxd7 41. Rxd7 Nxd7 42. d6 Qh6+ 43. Kg1 Qd2 44. Qb1 Ne5 45. Qxb5 Qd1+ 46.
Kh2 Qxd6 47. Bd5+ Kg7 48. Kh3 Qc7 49. Qe8 Nf7 50. Kh2 Ne5 51. Qe6 Qc5 52. Kh3
Qc7 53. Kg2 Qf7 54. Qxf7+ Nxf7 55. Bxc4 Ne5 56. Be6 Kf8 57. Kf2 Ke7 58. Bc8 Kd6
59. Ke3 Kc5 60. Be6 h6 61. Ke4 Kd6 62. Bc8 Nc4 63. Ba6 Kc5 64. Kf4 Nd6 65. Bd3
g5+ 66. Ke3 Kd5 67. Kf3 Nf7 68. Ke3 Ne5 69. Be2 Nd7 1/2-1/2

[Event "Paracin 2018"]
[Site "Paracin, Hotel Petrus"]
[Date "2018.07.09"]
[Round "4.33"]
[White "Ninov, Dayan"]
[Black "Sylvan, Jacob"]
[Result "1/2-1/2"]
[WhiteElo "2229"]
[BlackElo "2332"]
[PlyCount "86"]
[EventDate "2018.07.06"]

1. e4 e5 2. Nf3 Nc6 3. Bc4 Nf6 4. d3 Bc5 5. c3 d6 6. O-O a6 7. Bb3 Ba7 8. Nbd2
h6 9. h3 g5 10. Nc4 Rg8 11. Be3 g4 12. hxg4 Nxg4 13. Bxa7 Rxa7 14. d4 Qf6 15.
dxe5 Ncxe5 16. Ncxe5 dxe5 17. Qd3 Ra8 18. Rad1 Be6 19. Bxe6 Qxe6 20. Nh4 Nf6
21. Nf5 Nh5 22. g3 Nf4 23. Qf3 Rd8 24. Kh2 Ng6 25. Qe3 Ne7 26. Rxd8+ Kxd8 27.
Rd1+ Ke8 28. Qa7 Qc8 29. Ne3 b6 30. Nd5 Nxd5 31. exd5 Rg6 32. d6 Rxd6 33. Rxd6
cxd6 34. Qxb6 Ke7 35. a4 h5 36. a5 h4 37. gxh4 Qc4 38. Qb4 Qe2 39. Kg2 f5 40.
Qb7+ Kf6 41. Qd5 Ke7 42. Qb7+ Kf6 43. Qd5 Ke7 1/2-1/2

[Event "Paracin 2018"]
[Site "Paracin, Hotel Petrus"]
[Date "2018.07.09"]
[Round "4.34"]
[White "Becker, Marcel"]
[Black "Uuriintuya, Uurtsaikh"]
[Result "0-1"]
[WhiteElo "2330"]
[BlackElo "2158"]
[PlyCount "90"]
[EventDate "2018.07.06"]

1. d4 Nf6 2. c4 g6 3. Nc3 Bg7 4. e4 d6 5. Be2 O-O 6. Bg5 Na6 7. Qd2 e5 8. d5 c6
9. f3 cxd5 10. cxd5 Bd7 11. g4 h6 12. Be3 h5 13. g5 Ne8 14. h4 Nc5 15. Nh3 a5
16. Nf2 Nc7 17. Nd3 Nxd3+ 18. Bxd3 b5 19. Bb6 Qb8 20. Bxc7 Qxc7 21. Bxb5 f6 22.
Bxd7 Qxd7 23. O-O-O Kh7 24. Kb1 fxg5 25. Qg2 Bf6 26. hxg5 Bd8 27. Ne2 Bb6 28.
Rh3 Kg7 29. Rf1 Be3 30. f4 exf4 31. Rh4 f3 32. Rxf3 Rxf3 33. Qxf3 Bxg5 34. Rh1
Rf8 35. Qg3 Qe7 36. Nc3 Rf4 37. Qd3 Bf6 38. Re1 g5 39. Nb5 Rf2 40. e5 Bxe5 41.
Nd4 Qf6 42. Ne6+ Kh6 43. Re2 Rxe2 44. Qxe2 Qf5+ 45. Ka1 h4 0-1

[Event "Paracin 2018"]
[Site "Paracin, Hotel Petrus"]
[Date "2018.07.09"]
[Round "4.35"]
[White "Gochev, Mladen"]
[Black "Marjanovic, Annamaria"]
[Result "0-1"]
[WhiteElo "2181"]
[BlackElo "2325"]
[PlyCount "82"]
[EventDate "2018.07.06"]

1. e4 e5 2. Nf3 Nc6 3. Bc4 Nf6 4. d4 exd4 5. e5 Ng4 6. O-O Be7 7. Re1 d6 8.
exd6 cxd6 9. Bg5 f6 10. Bf4 Nge5 11. Bb3 Bg4 12. Nbd2 Qa5 13. h3 Bh5 14. Qe2
O-O-O 15. g4 Bg6 16. Be6+ Kb8 17. Nb3 Qb6 18. Bf5 Bf7 19. Rad1 Bc4 20. Bd3 Bxd3
21. cxd3 h5 22. gxh5 g6 23. hxg6 Rxh3 24. Bg3 Rh6 25. Kg2 Rxg6 26. Qe4 Rg7 27.
Nfxd4 Nxd4 28. Qxd4 Rg5 29. Qe4 f5 30. Qd5 Ng4 31. Kf3 f4 32. Qe6 Qc6+ 33. Re4
fxg3 34. Nd4 Ne5+ 35. Ke2 Qe8 36. f4 Qh5+ 37. Kd2 g2 38. fxg5 Bxg5+ 39. Kc3
Rc8+ 40. Qxc8+ Kxc8 41. Rg1 Qh3 0-1

[Event "Paracin 2018"]
[Site "Paracin, Hotel Petrus"]
[Date "2018.07.09"]
[Round "4.36"]
[White "Ozen, Bahadir"]
[Black "Krstic, Milos"]
[Result "1/2-1/2"]
[WhiteElo "2317"]
[BlackElo "2137"]
[PlyCount "67"]
[EventDate "2018.07.06"]

1. g3 g6 2. Bg2 Bg7 3. d3 c5 4. Nf3 Nc6 5. O-O d6 6. e4 e5 7. Nc3 Nge7 8. Nd2
O-O 9. Nc4 Be6 10. Ne3 f5 11. f4 Rb8 12. Ncd5 b5 13. c3 fxe4 14. dxe4 Qd7 15.
a4 exf4 16. gxf4 b4 17. a5 bxc3 18. bxc3 Kh8 19. Ra2 Bxd5 20. exd5 Nd8 21. Qd3
Nf7 22. Re2 Nh6 23. Nc4 Nef5 24. Bd2 Rfe8 25. Rfe1 Rxe2 26. Rxe2 Re8 27. Be1
Ng4 28. Re4 Nf6 29. Rxe8+ Qxe8 30. Bd2 Qa4 31. Bf3 h5 32. h3 Nh7 33. Kf2 Qd7
34. Qe4 1/2-1/2

[Event "Paracin 2018"]
[Site "Paracin, Hotel Petrus"]
[Date "2018.07.09"]
[Round "4.37"]
[White "Cholleti, Sahajasri"]
[Black "Milosevic, Milos"]
[Result "0-1"]
[WhiteElo "2169"]
[BlackElo "2315"]
[PlyCount "88"]
[EventDate "2018.07.06"]

1. Nf3 f5 2. d4 Nf6 3. g3 g6 4. Bg2 Bg7 5. O-O O-O 6. b3 d6 7. Bb2 c6 8. Nbd2
a5 9. c4 Na6 10. Qc2 Qc7 11. a3 Re8 12. Rfe1 e5 13. dxe5 dxe5 14. e3 e4 15. Nd4
Ng4 16. Bf1 Nc5 17. b4 Ne6 18. c5 Nxd4 19. exd4 Be6 20. Nc4 axb4 21. axb4 Rxa1
22. Rxa1 e3 23. Nxe3 Nxe3 24. fxe3 Bd5 25. Bc1 Bh6 26. Ra3 Qd7 27. Bc4 Kg7 28.
Bxd5 Qxd5 29. Qd3 f4 30. gxf4 Bxf4 31. Ra7 Qg5+ 32. Kh1 Bxe3 33. Rxb7+ Kh6 34.
Bxe3 Rxe3 35. Qd2 Qf4 36. Rf7 Qe4+ 37. Kg1 g5 38. Rf6+ Kh5 39. Qd1+ g4 40. Qd2
g3 41. Qd1+ Kg5 42. Rf1 gxh2+ 43. Kxh2 Qh4+ 44. Kg2 Rg3+ 0-1

[Event "Paracin 2018"]
[Site "Paracin, Hotel Petrus"]
[Date "2018.07.09"]
[Round "4.38"]
[White "Savanovic, Vuk"]
[Black "Stanojevic, Ilija"]
[Result "1-0"]
[WhiteElo "2294"]
[BlackElo "2120"]
[PlyCount "75"]
[EventDate "2018.07.06"]

1. e4 e6 2. d4 d5 3. Nc3 Bb4 4. e5 c5 5. a4 Bxc3+ 6. bxc3 Qc7 7. Qg4 Ne7 8.
Qxg7 Rg8 9. Qxh7 cxd4 10. Ne2 Nbc6 11. f4 dxc3 12. Qd3 Bd7 13. Qxc3 Nf5 14. Rb1
d4 15. Qd3 O-O-O 16. g3 f6 17. exf6 e5 18. f7 Rg7 19. Bg2 Rxf7 20. O-O e4 21.
Bxe4 Re8 22. Bd2 Nd6 23. Bg6 Bf5 24. Bxf5+ Nxf5 25. Rbe1 Qd7 26. Nc1 Rg8 27.
Qb3 Rg6 28. Rf3 Rh7 29. Nd3 Rxh2 30. Kxh2 Qh7+ 31. Kg1 Nh4 32. Kf2 Nxf3 33.
Kxf3 Qh2 34. Re8+ Nd8 35. Rxd8+ Kxd8 36. Qd5+ Ke7 37. Bb4+ Ke8 38. f5 1-0

[Event "Paracin 2018"]
[Site "Paracin, Hotel Petrus"]
[Date "2018.07.09"]
[Round "4.39"]
[White "Tugstumur, Yesuntumur"]
[Black "Omorjan, Dejan"]
[Result "1-0"]
[WhiteElo "2116"]
[BlackElo "2292"]
[PlyCount "123"]
[EventDate "2018.07.06"]

1. d4 Nf6 2. c4 g6 3. Nc3 d5 4. cxd5 Nxd5 5. e4 Nxc3 6. bxc3 Bg7 7. Nf3 c5 8.
h3 Nc6 9. Be3 Qa5 10. Bd2 O-O 11. Be2 Qa3 12. d5 Ne5 13. Nxe5 Bxe5 14. Qb3 Qxb3
15. axb3 e6 16. f4 Bf6 17. Bc4 Bd7 18. dxe6 fxe6 19. O-O b5 20. Be2 Bd8 21. Be3
Bb6 22. Rfd1 Bc6 23. Rd6 Bxe4 24. Bxb5 Rad8 25. Rxe6 Bd3 26. c4 Bc2 27. Bc6 Kg7
28. Bd5 Rfe8 29. Rxe8 Rxe8 30. Bd2 Re2 31. Bc3+ Kf8 32. Ra2 Bd1 33. Rxe2 Bxe2
34. Kh2 a5 35. Bf3 Bxf3 36. gxf3 Kf7 37. Kg3 h5 38. f5 Bc7+ 39. f4 gxf5 40. Bd2
Bd8 41. Kf3 Ke6 42. Ke3 Kd6 43. Bc3 Kc6 44. Be5 Kb6 45. Bd6 Bf6 46. Kf3 Kc6 47.
Bf8 Kb6 48. Kg3 Bd8 49. Bh6 h4+ 50. Kf3 a4 51. bxa4 Ka5 52. Bg5 Bc7 53. Bxh4
Kb4 54. Bf6 Kxc4 55. h4 Bd6 56. Bg7 Kd5 57. h5 Ke6 58. h6 Kf7 59. Be5 Bxe5 60.
fxe5 c4 61. e6+ Kxe6 62. h7 1-0

[Event "Paracin 2018"]
[Site "Paracin, Hotel Petrus"]
[Date "2018.07.09"]
[Round "4.40"]
[White "Isha, Sharma"]
[Black "Martic, Zlatko"]
[Result "1-0"]
[WhiteElo "2062"]
[BlackElo "2264"]
[PlyCount "39"]
[EventDate "2018.07.06"]

1. e4 c5 2. Nf3 e6 3. d3 Nc6 4. g3 g6 5. Bg2 Bg7 6. O-O Nge7 7. c3 d5 8. Nbd2
O-O 9. Re1 e5 10. exd5 Nxd5 11. Nc4 Re8 12. Ng5 Nde7 13. Ne4 b6 14. Bg5 Rf8 15.
Nf6+ Kh8 16. Nxe5 Qd6 17. Ne8 Qxe5 18. Rxe5 Bxe5 19. Bxe7 Rxe8 20. Bxc6 1-0

[Event "Paracin 2018"]
[Site "Paracin, Hotel Petrus"]
[Date "2018.07.09"]
[Round "4.41"]
[White "Ashid, Tsetseg-Ulzii"]
[Black "Popovic, Aleksandar M"]
[Result "1/2-1/2"]
[WhiteElo "2055"]
[BlackElo "2264"]
[PlyCount "51"]
[EventDate "2018.07.06"]

1. e4 g6 2. d4 Bg7 3. Nc3 d6 4. Be3 a6 5. f3 b5 6. Qd2 Nd7 7. h4 Ngf6 8. Bh6
Bxh6 9. Qxh6 c5 10. dxc5 Nxc5 11. O-O-O Qa5 12. Kb1 Be6 13. Nge2 b4 14. Nd5
Nxd5 15. exd5 b3 16. dxe6 Qxa2+ 17. Kc1 Qa1+ 18. Kd2 Qxb2 19. exf7+ Kd7 20. Rc1
Rac8 21. g3 bxc2 22. Bh3+ e6 23. Qe3 Qb4+ 24. Nc3 d5 25. Kxc2 d4 26. Rcd1
1/2-1/2

[Event "Paracin 2018"]
[Site "Paracin, Hotel Petrus"]
[Date "2018.07.09"]
[Round "4.42"]
[White "Cvetkovic, Srdjan"]
[Black "Terziev, Dimo"]
[Result "1/2-1/2"]
[WhiteElo "2262"]
[BlackElo "2016"]
[PlyCount "99"]
[EventDate "2018.07.06"]

1. c4 e5 2. Nc3 Nf6 3. g3 Bb4 4. Nd5 Nxd5 5. cxd5 O-O 6. Bg2 d6 7. e3 f5 8. Ne2
Nd7 9. O-O Bc5 10. d4 Bb6 11. dxe5 Nxe5 12. Bd2 Bd7 13. a4 a6 14. Bc3 Qe7 15.
Bd4 Bxd4 16. Nxd4 c5 17. dxc6 bxc6 18. b4 Rab8 19. Qe2 Rxb4 20. Qxa6 d5 21.
Rfc1 Kh8 22. Qa7 Qd6 23. Qc5 Qxc5 24. Rxc5 Ra8 25. a5 g6 26. a6 f4 27. Rac1
fxe3 28. fxe3 Ra7 29. Bf1 Nc4 30. Bxc4 dxc4 31. Ra5 Rb6 32. Rca1 Bc8 33. Kf2
Raxa6 34. Rxa6 Rxa6 35. Rxa6 Bxa6 36. Nxc6 Bb7 37. Nb4 Kg7 38. Ke2 Kf6 39. Kd2
Ke5 40. Kc3 Ke4 41. Kxc4 Kxe3 42. Nc2+ Kf2 43. Kd4 Kg2 44. Ke3 Kxh2 45. Kf2 Kh3
46. Ne3 h5 47. Nf1 Kg4 48. Nh2+ Kh3 49. Nf1 Kg4 50. Nh2+ 1/2-1/2

[Event "Paracin 2018"]
[Site "Paracin, Hotel Petrus"]
[Date "2018.07.09"]
[Round "4.43"]
[White "Todorov, Kaloyan"]
[Black "Uzumcu, Ahmet Utku"]
[Result "0-1"]
[WhiteElo "1977"]
[BlackElo "2261"]
[PlyCount "54"]
[EventDate "2018.07.06"]

1. e4 c5 2. Nf3 d6 3. d4 cxd4 4. Nxd4 Nf6 5. f3 e5 6. Nb3 a5 7. Bb5+ Bd7 8. a4
Be7 9. Nc3 O-O 10. Be3 Be6 11. O-O Nbd7 12. Qe2 Qc7 13. Rfd1 Nb6 14. Qf2 Nc4
15. Bc1 Rfe8 16. Nd5 Bxd5 17. exd5 Nb6 18. Bd2 Nbxd5 19. c4 Nb4 20. Be3 Nd7 21.
Bxd7 Qxd7 22. Bb6 Rec8 23. Nxa5 Ra6 24. Kh1 Qe6 25. Rac1 h6 26. b3 Rca8 27. Qe2
Rxb6 0-1

[Event "Paracin 2018"]
[Site "Paracin, Hotel Petrus"]
[Date "2018.07.09"]
[Round "4.44"]
[White "Matovic, Mihajlo Z"]
[Black "Altun, Arda"]
[Result "1-0"]
[WhiteElo "2256"]
[BlackElo "1955"]
[PlyCount "107"]
[EventDate "2018.07.06"]

1. Nf3 d5 2. g3 Nf6 3. Bg2 c5 4. O-O Nc6 5. d3 e6 6. Nbd2 Be7 7. e4 b6 8. Re1
Bb7 9. exd5 exd5 10. Nf1 O-O 11. h3 Qd7 12. g4 d4 13. Ng3 Nd5 14. Nf5 Bf6 15.
Ng5 g6 16. Ng3 Rae8 17. N5e4 Bg7 18. Bd2 f5 19. gxf5 gxf5 20. Ng5 h6 21. Nf3 f4
22. Rxe8 Rxe8 23. Ne4 Qe7 24. a3 Ne5 25. Nxe5 Qxe5 26. Qf3 Rf8 27. Re1 Ne3 28.
Nf6+ Qxf6 29. Qxb7 Qg6 30. Qe4 Rf5 31. Kh1 Nxg2 32. Qxg2 Qf6 33. Qf3 Kh7 34.
Re4 Qc6 35. Kg2 Qg6+ 36. Kf1 Be5 37. Qg4 Qf6 38. Qf3 a6 39. Ke2 b5 40. b3 h5
41. Kf1 Kh8 42. Kg2 Kg7 43. Re1 Rg5+ 44. Kh2 Kh6 45. Kh1 Kh7 46. Kh2 Qf5 47.
Re4 Rg4 48. Rxe5 Qxe5 49. hxg4 hxg4 50. Qxf4 Qe2 51. Qe4+ Qxe4 52. dxe4 c4 53.
bxc4 bxc4 54. Kg3 1-0

[Event "Paracin 2018"]
[Site "Paracin, Hotel Petrus"]
[Date "2018.07.09"]
[Round "4.45"]
[White "Vlassis, Georgios"]
[Black "Ivic, Matija"]
[Result "0-1"]
[WhiteElo "2005"]
[BlackElo "2245"]
[PlyCount "62"]
[EventDate "2018.07.06"]

1. Nf3 c5 2. e3 Nf6 3. d4 g6 4. Be2 Bg7 5. O-O d5 6. c4 cxd4 7. Nxd4 O-O 8. Nc3
Nc6 9. cxd5 Nxd5 10. Bf3 Nxc3 11. bxc3 Ne5 12. Be2 a6 13. f4 Nd7 14. Ba3 Re8
15. Qb3 Qc7 16. Bc4 e6 17. Bxe6 Nf6 18. Bd6 Bxe6 19. Bxc7 Bxb3 20. Nxb3 Nd5 21.
Be5 Bxe5 22. fxe5 Nxc3 23. Nc5 b5 24. e6 f5 25. g4 fxg4 26. Rf7 Rxe6 27. Raf1
Rxe3 28. Rb7 Rf3 29. Rxf3 gxf3 30. Nd7 Ne4 31. Ne5 f2+ 0-1

[Event "Paracin 2018"]
[Site "Paracin, Hotel Petrus"]
[Date "2018.07.09"]
[Round "4.46"]
[White "Mehmed, Elif"]
[Black "Sahin, Ozgun"]
[Result "1-0"]
[WhiteElo "1973"]
[BlackElo "2231"]
[PlyCount "85"]
[EventDate "2018.07.06"]

1. e4 c5 2. Nf3 Nc6 3. d4 cxd4 4. Nxd4 g6 5. c4 Nf6 6. Nc3 Nxd4 7. Qxd4 d6 8.
f3 Bg7 9. Be3 O-O 10. Qd2 Be6 11. Rc1 Qa5 12. Nd5 Qxa2 13. Nxe7+ Kh8 14. Bd4
Rfe8 15. Qc3 Nh5 16. b3 Bxd4 17. Qxd4+ Ng7 18. Qc3 Qa3 19. Nd5 Bxd5 20. cxd5 f5
21. Bd3 fxe4 22. fxe4 Rf8 23. Ra1 Rac8 24. Rxa3 Rxc3 25. Kd2 Rcc8 26. Rxa7 Rf2+
27. Ke3 Rxg2 28. Rxb7 Nh5 29. b4 Nf6 30. Rf1 Rf8 31. Kd4 Rxh2 32. b5 Ra2 33. b6
Rb2 34. Kc3 Ra2 35. Kb3 Rd2 36. Kc3 Ra2 37. Rxf6 Rxf6 38. Rb8+ Kg7 39. b7 Ra3+
40. Kc4 Rf3 41. Rg8+ Kxg8 42. b8=Q+ Kg7 43. Qb2+ 1-0